Prince Songs (70s-80s) - Statistics

General Stats
  • This quiz has been taken 52 times
  • The average score is 37 of 109
Answer Stats
Hint Answer % Correct
Purple Rain Purple Rain
88%
1999 1999
84%
Controversy Controversy
75%
For You For You
75%
Purple Rain Let's Go Crazy
69%
Batman Batdance
66%
Parade Kiss
66%
1999 Little Red Corvette
66%
Dirty Mind Dirty Mind
63%
Around the World in a Day Raspberry Beret
63%
Purple Rain When Doves Cry
63%
For You Baby
59%
Prince I Wanna Be Your Lover
59%
Sign O’ the Times Sign O' the Times
59%
Around the World in a Day Around the World in a Day
56%
Purple Rain Darling Nikki
56%
For You Soft and Wet
53%
Parade Sometimes It Snows In April
53%
Purple Rain Baby I'm a Star
50%
1999 Delirious
50%
Lovesexy Lovesexy
50%
Prince Bambi
47%
Purple Rain Computer Blue
47%
Sign O’ the Times If I Was Your Girlfriend
47%
Purple Rain I Would Die 4 U
47%
Sign O’ the Times Adore
41%
Around the World in a Day America
41%
Controversy Do Me, Baby
41%
Parade Girls & Boys
41%
Prince I Feel for You
41%
Purple Rain Take Me with U
41%
Purple Rain The Beautiful Ones
41%
Dirty Mind When You Were Mine
41%
Parade Mountains
38%
Around the World in a Day Pop Life
38%
Sign O’ the Times U Got the Look
38%
1999 Automatic
34%
Dirty Mind Head
34%
Sign O’ the Times Housequake
34%
Around the World in a Day Paisley Park
34%
Controversy Sexuality
34%
Lovesexy Alphabet St.
31%
Parade Christopher Tracy's Parade
31%
Around the World in a Day Condition of the Heart
31%
1999 D.M.S.R.
31%
1999 Free
31%
Sign O’ the Times It
31%
1999 Let's Pretend We're Married
31%
Batman Partyman
31%
Controversy Ronnie, Talk to Russia
31%
Dirty Mind Sister
31%
Dirty Mind Uptown
31%
For You Crazy You
28%
Sign O’ the Times I Could Never Take the Place of Your Man
28%
1999 International Lover
28%
Parade I Wonder U
28%
Controversy Jack U Off
28%
1999 Lady Cab Driver
28%
Dirty Mind Partyup
28%
Sign O’ the Times Starfish and Coffee
28%
Batman The Arms of Orion
28%
Around the World in a Day The Ladder
28%
Parade Under the Cherry Moon
28%
Prince When We're Dancing Close and Slow
28%
Controversy Annie Christian
25%
Batman Electric Chair
25%
For You I'm Yours
25%
Controversy Let's Work
25%
Batman Scandalous
25%
Prince Sexy Dancer
25%
Around the World in a Day Temptation
25%
Batman The Future
25%
Parade Venus de Milo
25%
Prince Why You Wanna Treat Me So Bad?
25%
Parade Anotherloverholenyohead
22%
For You In Love
22%
For You Just as Long as We're Together
22%
Batman Lemon Crush
22%
Sign O’ the Times Play in the Sunshine
22%
Lovesexy Positivity
22%
Controversy Private Joy
22%
Sign O’ the Times Slow Love
22%
For You So Blue
22%
Sign O’ the Times The Ballad of Dorothy Parker
22%
1999 All the Critics Love U in New York
19%
Lovesexy Dance On
19%
Lovesexy Eye No
19%
Dirty Mind Gotta Broken Heart Again
19%
Sign O’ the Times Hot Thing
19%
Lovesexy I Wish U Heaven
19%
For You My Love is Forever
19%
Parade New Position
19%
Prince Still Waiting
19%
Sign O’ the Times Strange Relationship
19%
Around the World in a Day Tamborine
19%
Sign O’ the Times The Cross
19%
Batman Trust
19%
Batman Vicki Waiting
19%
Lovesexy Anna Stesia
16%
Parade Do U Lie?
16%
Lovesexy Glam Slam
16%
Sign O’ the Times It's Gonna Be a Beautiful Night
16%
Prince With You
16%
Dirty Mind Do It All Night
13%
Sign O’ the Times Forever in My Life
13%
Prince It's Gonna Be Lonely
13%
Parade Life Can Be So Nice
13%
1999 Something in the Water (Does Not Compute)
13%
Lovesexy When 2 R in Love
13%
No matching quizzes found
Score Distribution
Percent of People with Each Score
Percentile by Number Answered
Your Score History
You have not taken this quiz